[Event "QA-ANNIV-05"]
[Site "http://www.queenalice.com/game.php?id=654486"]
[Date "2009.9.18"]
[Round "2"]
[White "darewing"]
[Black "jj12345"]
[Result "1-0"]
[WhiteElo "2378"]
[BlackElo "2201"]

1. d4 Nf6 2. c4 g6 3. Nc3 d5 4. Nf3 Bg7 5. Qb3 dxc4 6. Qxc4 O-O 7. e4 a6 8. Qb3
b5 9. e5 Be6 10. exf6 Bxb3 11. fxg7 Kxg7 12. axb3 Nc6 13. Be3 Qd6 14. Be2 Qb4
15. d5 Na5 16. O-O Nxb3 17. Ra3 Na5 18. Na2 Qe4 19. Rxa5 Qxd5 20. Nd4 e5 21. Bf3
Qd8 22. Nb3 1-0

[Event "Challenge"]
[Site "http://www.queenalice.com/game.php?id=671110"]
[Date "2009.10.22"]
[Round "-"]
[White "jj12345"]
[Black "neromann"]
[Result "0-1"]
[WhiteElo "2134"]
[BlackElo "2155"]

1. c4 Nf6 2. Nc3 g6 3. Nf3 Bg7 4. g3 O-O 5. Bg2 d5 6. cxd5 Nxd5 7. O-O c6 8. Qb3
Nb6 9. d3 Na6 10. Be3 Be6 11. Qa3 Nd5 12. Bd4 Nf6 13. Rac1 Bg4 14. e3 Re8 15.
Qb3 Bxf3 16. Bxf3 e5 17. Qxb7 exd4 18. Qxa6 dxc3 19. bxc3 Re6 20. Rfd1 Nd5 21.
d4 Bf8 22. e4 Nc7 23. Qa4 h5 24. c4 c5 25. e5 Ra6 26. Qc2 Rb8 27. d5 Rab6 28. e6
Qf6 29. exf7+ Qxf7 30. Be4 Rb2 31. Bxg6 Qf6 32. Qf5 Qxf5 33. Bxf5 Bd6 34. Rc2
Rxc2 35. Bxc2 Kf7 0-1

[Event "AUTO-OPEN-1739"]
[Site "http://www.queenalice.com/game.php?id=673425"]
[Date "2009.10.27"]
[Round "1"]
[White "alesson"]
[Black "jj12345"]
[Result "0-1"]
[WhiteElo "1638"]
[BlackElo "2194"]

1. e4 d6 2. h3 Nf6 3. Bd3 g6 4. Nf3 Bg7 5. c4 O-O 6. Nc3 e6 7. b4 a5 8. b5 d5 9.
exd5 exd5 10. cxd5 Re8+ 11. Be2 Nxd5 12. O-O Nxc3 13. dxc3 Qxd1 14. Rxd1 Bxc3
15. Bc4 Bxa1 16. Bh6 Bg7 17. Bxg7 Kxg7 18. Ng5 Re7 19. g4 Nd7 20. Kg2 Nb6 21.
Bb3 Bd7 22. Bd5 Nxd5 23. Rxd5 c6 24. Rc5 cxb5 25. Rc7 Bc6+ 26. Rxc6 bxc6 27. Kg3
Rd8 28. f4 Rd3+ 29. Kh4 Ree3 30. f5 h6 31. Nxf7 Rxh3# 0-1

[Event "AUTO-OPEN-1739"]
[Site "http://www.queenalice.com/game.php?id=673426"]
[Date "2009.10.27"]
[Round "1"]
[White "jj12345"]
[Black "alesson"]
[Result "1-0"]
[WhiteElo "2195"]
[BlackElo "1637"]

1. a3 e5 2. c4 Nf6 3. Nc3 Bd6 4. Nf3 c5 5. e3 Qa5 6. Nb5 Qb6 7. d4 cxd4 8. exd4
exd4 9. Qxd4 Qxd4 10. Nfxd4 Ke7 11. Nf5+ Ke6 12. Nxg7+ Ke5 13. f4+ Ke4 14. Nxd6+
Kd4 15. Bd2 Ne4 16. Ngf5+ Kc5 17. Nxe4+ Kb6 18. O-O-O d5 19. Neg3 dxc4 20. Bc3
Re8 21. Nd6 Rd8 22. Nxc4+ Kc7 23. Be5+ Kc6 24. Rxd8 Nd7 25. Be2 Nxe5 26. Nxe5+
Kc7 27. Rf8 a6 28. Bf3 Ra7 29. Rxf7+ Kb6 30. Rd1 Be6 31. Rd6+ Kc5 32. Rxe6 Kd4
33. Rc7 Ke3 34. Ng6+ Kf2 35. Rc2+ Kg1 36. Re1+ Kxh2 37. Rh1+ Kxg3 38. Rh3# 1-0

[Event "AUTO-OPEN-1739"]
[Site "http://www.queenalice.com/game.php?id=673445"]
[Date "2009.10.27"]
[Round "1"]
[White "Yukontodd"]
[Black "jj12345"]
[Result "0-1"]
[WhiteElo "1640"]
[BlackElo "2209"]

1. d4 Nf6 2. c4 g6 3. Nc3 d5 4. cxd5 Nxd5 5. e4 Nxc3 6. bxc3 Bg7 7. Nf3 O-O 8.
Bc4 c5 9. Qb3 e6 10. Ba3 Nd7 11. dxc5 Re8 12. O-O-O Qc7 13. Bb5 a6 14. Bxd7 Bxd7
15. Bb2 Qf4+ 16. Kb1 Qxe4+ 17. Qc2 Qxc2+ 18. Kxc2 Ba4+ 19. Kc1 Bxd1 20. Rxd1
Rac8 0-1

[Event "AUTO-OPEN-1739"]
[Site "http://www.queenalice.com/game.php?id=673446"]
[Date "2009.10.27"]
[Round "1"]
[White "jj12345"]
[Black "Yukontodd"]
[Result "1-0"]
[WhiteElo "2212"]
[BlackElo "1638"]

1. g3 d5 2. c4 d4 3. b4 e5 4. a3 Nf6 5. Bb2 c5 6. Bg2 Bf5 7. Bxb7 Nbd7 8. Bxa8
Qxa8 9. f3 e4 10. g4 Be6 11. e3 Bxc4 12. g5 Nd5 13. fxe4 cxb4 14. Bxd4 f6 15. d3
Nxe3 16. Bxe3 Bb5 17. Nf3 Ne5 18. Nxe5 fxe5 19. O-O Be7 20. axb4 Bxb4 21. Rxa7
1-0

[Event "AUTO-OPEN-1739"]
[Site "http://www.queenalice.com/game.php?id=673455"]
[Date "2009.10.27"]
[Round "1"]
[White "fbenevides"]
[Black "jj12345"]
[Result "0-1"]
[WhiteElo "1781"]
[BlackElo "2210"]

1. Nf3 Nf6 2. Nc3 d5 3. d4 c5 4. e3 e6 5. dxc5 Bxc5 6. a3 O-O 7. h3 Nc6 8. Bb5
Qe7 9. Bxc6 bxc6 10. O-O e5 11. b4 Bd6 12. Bb2 e4 13. Nd4 Qe5 14. g3 Bxh3 15.
Re1 Ng4 16. Nxc6 Qf5 17. Qe2 Rac8 18. Nxa7 Ne5 19. Nxc8 Nf3+ 20. Kh1 Qh5 21.
Qxf3 Qxf3+ 0-1

[Event "AUTO-OPEN-1739"]
[Site "http://www.queenalice.com/game.php?id=673456"]
[Date "2009.10.27"]
[Round "1"]
[White "jj12345"]
[Black "fbenevides"]
[Result "1-0"]
[WhiteElo "2211"]
[BlackElo "1779"]

1. c4 Nc6 2. d4 d5 3. cxd5 Qxd5 4. Nf3 Nf6 5. Nc3 Qd8 6. d5 Nb4 7. Qa4+ Qd7 8.
Qxb4 e6 9. Qb5 exd5 10. Ne5 Qxb5 11. Nxb5 Bd6 12. Nxd6+ cxd6 13. Nd3 O-O 14. Bf4
Rd8 15. g3 b6 16. Bg2 a5 17. Bg5 Re8 18. Bxf6 gxf6 19. Nf4 Bb7 20. Bxd5 Bxd5 21.
Nxd5 Rab8 22. Nxf6+ 1-0

[Event "AUTO-ELITE-427"]
[Site "http://www.queenalice.com/game.php?id=674002"]
[Date "2009.10.28"]
[Round "1"]
[White "jj12345"]
[Black "BEBADO"]
[Result "0-1"]
[WhiteElo "2197"]
[BlackElo "2239"]

1. g3 d5 2. Bg2 e5 3. c4 Nf6 4. cxd5 Nxd5 5. Nc3 Nb6 6. Nf3 Nc6 7. O-O Be7 8. a3
O-O 9. b4 Be6 10. b5 Nd4 11. Nxd4 exd4 12. Na4 Bd5 13. f3 Bc4 14. Rb1 Nxa4 15.
Qxa4 Bxe2 16. Re1 d3 17. f4 Bc5+ 18. Kh1 Bf2 19. Bb2 Bxe1 20. Rxe1 Re8 21. Rc1
Rb8 22. Qxa7 Bg4 23. Be5 Re7 24. b6 Ra8 25. bxc7 Qe8 26. Qxb7 Rc8 27. h3 Bd7 28.
Qd5 Be6 29. Qxd3 Rd7 30. Qb5 f6 31. d4 fxe5 32. d5 Bf7 33. fxe5 Rdxc7 34. Qxe8+
Bxe8 35. Rg1 Rc3 36. d6 Re3 37. e6 Rxe6 38. Rd1 Bd7 39. Bd5 Kf7 40. Rf1+ Kg6 41.
Bxe6 Bxe6 42. Rd1 Bxh3 43. a4 Bd7 0-1

[Event "AUTO-ELITE-427"]
[Site "http://www.queenalice.com/game.php?id=674003"]
[Date "2009.10.28"]
[Round "1"]
[White "BEBADO"]
[Black "jj12345"]
[Result "1-0"]
[WhiteElo "2197"]
[BlackElo "2206"]

1. e4 d6 2. Nc3 c5 3. f4 Nc6 4. Nf3 g6 5. Bc4 Bg7 6. O-O Nf6 7. d3 O-O 8. f5
gxf5 9. Qe1 Na5 10. Bd5 e6 11. Bb3 fxe4 12. Nxe4 b5 13. Bg5 Nxb3 14. axb3 d5 15.
Nxf6+ Bxf6 16. Qh4 1-0

[Event "AUTO-ELITE-427"]
[Site "http://www.queenalice.com/game.php?id=674004"]
[Date "2009.10.28"]
[Round "1"]
[White "jj12345"]
[Black "Mirok"]
[Result "0-1"]
[WhiteElo "2203"]
[BlackElo "2402"]

1. d4 Nf6 2. Nf3 e6 3. g3 b6 4. Bg2 Bb7 5. b3 c5 6. Bb2 Be7 7. O-O O-O 8. Nbd2
d5 9. c4 Nbd7 10. Rc1 Rc8 11. cxd5 Bxd5 12. Nc4 b5 13. Nce5 Qa5 14. a3 c4 15.
bxc4 bxc4 16. Nxd7 Nxd7 17. Qd2 Qb6 18. Rb1 Qc6 19. Qa5 c3 20. Rbc1 c2 21. Ne1
Bxg2 22. Nxg2 Qc4 23. Ne3 Qb3 24. Ba1 Nf6 25. Qxa7 Rfe8 26. d5 Bc5 27. Qa6 Bxe3
28. fxe3 Qxe3+ 29. Kh1 Nxd5 30. Qa4 Qxe2 31. Qd4 f6 32. Rf2 Qa6 33. Bb2 Rc4 34.
Qd3 Qb7 0-1

[Event "AUTO-ELITE-427"]
[Site "http://www.queenalice.com/game.php?id=674005"]
[Date "2009.10.28"]
[Round "1"]
[White "Mirok"]
[Black "jj12345"]
[Result "1-0"]
[WhiteElo "2391"]
[BlackElo "2213"]

1. e4 d6 2. d4 Nf6 3. Nc3 g6 4. Nf3 Bg7 5. Be2 c6 6. O-O b5 7. e5 dxe5 8. Nxe5
O-O 9. Bf3 Qb6 10. a4 b4 11. a5 Qa6 12. Na4 Nfd7 13. Ng4 Qxa5 14. Re1 e6 15. Bf4
Qb5 16. Bd6 Re8 17. Qd2 a5 18. Nh6+ Bxh6 19. Qxh6 Bb7 20. Nc5 e5 21. Re4 Nf6 22.
Rxe5 Rxe5 23. Qf8# 1-0

[Event "Challenge"]
[Site "http://www.queenalice.com/game.php?id=685349"]
[Date "2009.11.18"]
[Round "-"]
[White "jj12345"]
[Black "KLEOJ"]
[Result "0-1"]
[WhiteElo "2218"]
[BlackElo "2116"]

1. Nf3 d5 2. b3 c5 3. Bb2 d4 4. e3 Bg4 5. exd4 cxd4 6. Bxd4 Bxf3 7. Qxf3 Nc6 8.
Bb2 e5 9. Bb5 Rc8 10. O-O Bd6 11. d4 exd4 12. Bxd4 Nf6 13. Re1+ Kf8 14. Bxf6
Qxf6 15. Qxf6 gxf6 16. Nd2 Nd4 17. Bd3 Nxc2 18. Rac1 Nxe1 19. Rxc8+ Kg7 20. Rxh8
Kxh8 21. Bb1 Bb4 22. Nc4 h5 0-1

[Event "Challenge"]
[Site "http://www.queenalice.com/game.php?id=693604"]
[Date "2009.12.6"]
[Round "-"]
[White "Diemerlin"]
[Black "jj12345"]
[Result "1-0"]
[WhiteElo "2206"]
[BlackElo "2168"]

1. e4 d6 2. f4 c5 3. Nc3 Nc6 4. Bb5 Bd7 5. Nf3 g6 6. Bc4 e6 7. O-O Bg7 8. d3
Nge7 9. Qe1 Nd4 10. Nxd4 cxd4 11. Ne2 b5 12. Bb3 1-0

[Event "Challenge"]
[Site "http://www.queenalice.com/game.php?id=694764"]
[Date "2009.12.8"]
[Round "-"]
[White "extermination"]
[Black "jj12345"]
[Result "1-0"]
[WhiteElo "1801"]
[BlackElo "2157"]

1. e4 d6 2. d4 Nf6 3. Nc3 g6 4. Nf3 Bg7 5. Be3 c6 6. Bc4 b5 7. Bb3 b4 8. Ne2
Nxe4 9. Ng3 Nf6 10. O-O O-O 11. Ng5 1-0